[Event "Campeonato de España Blitz 2017"]
[Site "Linares"]
[Date "2017.08.12"]
[Round "5"]
[White "Cuenca Jimenez, Jose Fernando"]
[Black "Dvirnyy, Danyyil"]
[Result "1/2-1/2"]
[Board "9"]
[WhiteTitle "GM"]
[WhiteElo "2415"]
[WhiteCountry "ESP"]
[WhiteFideId "2255570"]
[WhiteEloChange "2"]
[BlackTitle "GM"]
[BlackElo "2566"]
[BlackCountry "ITA"]
[BlackFideId "817570"]
[BlackEloChange "-2"]

1. Nf3 {[%clk 0:03:00]} d5 {[%clk 0:03:03]} 2. d4 {[%clk 0:03:01]} Nf6 {[%clk
0:03:04]} 3. c4 {[%clk 0:03:02]} c6 {[%clk 0:03:06]} 4. e3 {[%clk 0:03:03]} Bg4
{[%clk 0:03:06]} 5. Qb3 {[%clk 0:03:02]} Qc7 {[%clk 0:03:05]} 6. Ne5 {[%clk
0:02:53]} Bf5 {[%clk 0:02:59]} 7. Nc3 {[%clk 0:02:43]} e6 {[%clk 0:02:59]} 8. Be2
{[%clk 0:02:11]} Nbd7 {[%clk 0:02:44]} 9. f4 {[%clk 0:01:55]} Be7 {[%clk
0:02:38]} 10. O-O {[%clk 0:01:54]} O-O {[%clk 0:02:30]} 11. Bd2 {[%clk 0:01:55]}
Nxe5 {[%clk 0:02:24]} 12. fxe5 {[%clk 0:01:53]} Ne4 {[%clk 0:02:23]} 13. Nxe4
{[%clk 0:01:43]} Bxe4 {[%clk 0:02:24]} 14. Rac1 {[%clk 0:01:40]} f6 {[%clk
0:02:21]} 15. Bg4 {[%clk 0:01:14]} Qd7 {[%clk 0:01:27]} 16. exf6 {[%clk 0:01:01]}
Bxf6 {[%clk 0:01:15]} 17. cxd5 {[%clk 0:00:48]} cxd5 {[%clk 0:01:16]} 18. Rc5
{[%clk 0:00:16]} Rfc8 {[%clk 0:01:09]} 19. Rfc1 {[%clk 0:00:16]} Rxc5 {[%clk
0:01:08]} 20. Rxc5 {[%clk 0:00:17]} Rc8 {[%clk 0:01:03]} 21. Rxc8+ {[%clk
0:00:12]} Qxc8 {[%clk 0:01:04]} 22. Qc3 {[%clk 0:00:10]} Qd7 {[%clk 0:01:03]} 23.
Be1 {[%clk 0:00:07]} h6 {[%clk 0:01:00]} 24. Bg3 {[%clk 0:00:08]} Kh7 {[%clk
0:00:59]} 25. h3 {[%clk 0:00:06]} Bf5 {[%clk 0:00:53]} 26. Be2 {[%clk 0:00:04]}
Bg5 {[%clk 0:00:45]} 27. Kh2 {[%clk 0:00:04]} b6 {[%clk 0:00:30]} 28. a3 {[%clk
0:00:05]} Bg6 {[%clk 0:00:25]} 29. Be5 {[%clk 0:00:06]} h5 {[%clk 0:00:23]} 30.
Kg1 {[%clk 0:00:06]} h4 {[%clk 0:00:24]} 31. Kh2 {[%clk 0:00:07]} Be4 {[%clk
0:00:23]} 32. Bd3 {[%clk 0:00:07]} Qf7 {[%clk 0:00:13]} 33. Bxe4+ {[%clk
0:00:07]} dxe4 {[%clk 0:00:13]} 34. Qe1 {[%clk 0:00:06]} Qf5 {[%clk 0:00:12]} 35.
Qe2 {[%clk 0:00:08]} Kg6 {[%clk 0:00:11]} 36. Kg1 {[%clk 0:00:08]} a5 {[%clk
0:00:10]} 37. Qf2 {[%clk 0:00:08]} a4 {[%clk 0:00:06]} 38. Qe2 {[%clk 0:00:08]}
Qf7 {[%clk 0:00:03]} 39. Kh2 {[%clk 0:00:08]} Qf5 {[%clk 0:00:05]} 40. Kg1 {[%clk
0:00:09]} Bh6 {[%clk 0:00:04]} 41. Kh2 {[%clk 0:00:10]} Bg5 {[%clk 0:00:05]}
1/2-1/2

[Event "Campeonato de España Blitz 2017"]
[Site "Linares"]
[Date "2017.08.12"]
[Round "5"]
[White "Fidalgo Fernandez, Javier"]
[Black "Vallejo Pons, Francisco"]
[Result "0-1"]
[Board "10"]
[WhiteTitle "FM"]
[WhiteElo "2288"]
[WhiteCountry "ESP"]
[WhiteFideId "2263645"]
[WhiteEloChange "-2"]
[BlackTitle "GM"]
[BlackElo "2677"]
[BlackCountry "ESP"]
[BlackFideId "2205530"]
[BlackEloChange "1"]

1. d4 {[%clk 0:03:02]} e6 {[%clk 0:03:03]} 2. Nf3 {[%clk 0:03:02]} f5 {[%clk
0:03:03]} 3. c4 {[%clk 0:03:02]} Nf6 {[%clk 0:03:04]} 4. Nc3 {[%clk 0:03:02]} Bb4
{[%clk 0:02:59]} 5. Qb3 {[%clk 0:02:56]} a5 {[%clk 0:02:56]} 6. a3 {[%clk
0:02:50]} a4 {[%clk 0:02:32]} 7. Qc2 {[%clk 0:02:46]} Bxc3+ {[%clk 0:02:32]} 8.
Qxc3 {[%clk 0:02:44]} b6 {[%clk 0:02:26]} 9. Bg5 {[%clk 0:02:34]} O-O {[%clk
0:02:18]} 10. d5 {[%clk 0:02:10]} Na6 {[%clk 0:02:02]} 11. e3 {[%clk 0:02:03]}
Nc5 {[%clk 0:02:02]} 12. Bxf6 {[%clk 0:01:58]} Rxf6 {[%clk 0:02:00]} 13. dxe6
{[%clk 0:01:56]} Rxe6 {[%clk 0:01:50]} 14. Nd4 {[%clk 0:01:43]} Rf6 {[%clk
0:01:44]} 15. Be2 {[%clk 0:01:39]} Bb7 {[%clk 0:01:41]} 16. Bf3 {[%clk 0:01:29]}
Be4 {[%clk 0:01:41]} 17. Rd1 {[%clk 0:01:28]} Rg6 {[%clk 0:01:27]} 18. O-O {[%clk
0:00:57]} Qh4 {[%clk 0:00:41]} 19. g3 {[%clk 0:00:31]} Qh3 {[%clk 0:00:31]} 20.
Bxe4 {[%clk 0:00:28]} fxe4 {[%clk 0:00:13]} 21. Rd2 {[%clk 0:00:22]} Re8 {[%clk
0:00:11]} 22. Nb5 {[%clk 0:00:18]} Rc8 {[%clk 0:00:10]} 23. Qe5 {[%clk 0:00:17]}
d6 {[%clk 0:00:10]} 24. Qd5+ {[%clk 0:00:17]} Kh8 {[%clk 0:00:10]} 25. f4 {[%clk
0:00:16]} exf3 {[%clk 0:00:09]} 26. Rxf3 {[%clk 0:00:16]} Qd7 {[%clk 0:00:06]}
27. Nd4 {[%clk 0:00:15]} h6 {[%clk 0:00:05]} 28. Rdf2 {[%clk 0:00:15]} Qe7 {[%clk
0:00:05]} 29. Nf5 {[%clk 0:00:16]} Qg5 {[%clk 0:00:05]} 30. h4 {[%clk 0:00:14]}
Qg4 {[%clk 0:00:05]} 31. Ne7 {[%clk 0:00:14]} Kh7 {[%clk 0:00:04]} 32. Nxc8
{[%clk 0:00:14]} Qxc8 {[%clk 0:00:05]} 33. h5 {[%clk 0:00:14]} Rg5 {[%clk
0:00:06]} 34. Qf7 {[%clk 0:00:10]} Qh3 {[%clk 0:00:06]} 35. Rg2 {[%clk 0:00:09]}
Rxh5 {[%clk 0:00:07]} 36. Qf4 {[%clk 0:00:07]} Qh1+ {[%clk 0:00:07]} 37. Kf2
{[%clk 0:00:07]} Nd3+ {[%clk 0:00:07]} 0-1

[Event "Campeonato de España Blitz 2017"]
[Site "Linares"]
[Date "2017.08.12"]
[Round "5"]
[White "Granda Zuniga, Julio E"]
[Black "Domingo Nunez, Ruben"]
[Result "1-0"]
[Board "11"]
[WhiteTitle "GM"]
[WhiteElo "2669"]
[WhiteCountry "PER"]
[WhiteFideId "3800024"]
[WhiteEloChange "1"]
[BlackTitle "FM"]
[BlackElo "2258"]
[BlackCountry "ESP"]
[BlackFideId "22245570"]
[BlackEloChange "-2"]

1. d4 {[%clk 0:01:35]} Nf6 {[%clk 0:03:03]} 2. c4 {[%clk 0:01:36]} e6 {[%clk
0:03:04]} 3. Nf3 {[%clk 0:01:36]} b6 {[%clk 0:03:05]} 4. g3 {[%clk 0:01:36]} Bb7
{[%clk 0:03:06]} 5. Bg2 {[%clk 0:01:37]} Be7 {[%clk 0:03:07]} 6. O-O {[%clk
0:01:34]} O-O {[%clk 0:03:08]} 7. Re1 {[%clk 0:01:30]} Na6 {[%clk 0:03:07]} 8.
Bg5 {[%clk 0:01:07]} c5 {[%clk 0:02:51]} 9. Nc3 {[%clk 0:01:05]} h6 {[%clk
0:02:36]} 10. Bxf6 {[%clk 0:01:04]} Bxf6 {[%clk 0:02:36]} 11. e4 {[%clk 0:01:05]}
cxd4 {[%clk 0:02:13]} 12. Nxd4 {[%clk 0:01:05]} d6 {[%clk 0:02:08]} 13. b3 {[%clk
0:01:04]} Be7 {[%clk 0:01:58]} 14. Qd2 {[%clk 0:01:05]} Nc5 {[%clk 0:01:47]} 15.
Rad1 {[%clk 0:01:05]} Qb8 {[%clk 0:01:38]} 16. Qe2 {[%clk 0:00:52]} a6 {[%clk
0:01:10]} 17. h4 {[%clk 0:00:53]} Bf6 {[%clk 0:00:57]} 18. Rd2 {[%clk 0:00:54]}
Ra7 {[%clk 0:00:55]} 19. Red1 {[%clk 0:00:54]} Rd8 {[%clk 0:00:52]} 20. Qe3
{[%clk 0:00:55]} Ba8 {[%clk 0:00:46]} 21. Nde2 {[%clk 0:00:55]} Rad7 {[%clk
0:00:44]} 22. b4 {[%clk 0:00:51]} Nb7 {[%clk 0:00:36]} 23. Qxb6 {[%clk 0:00:51]}
a5 {[%clk 0:00:28]} 24. a3 {[%clk 0:00:50]} Rc8 {[%clk 0:00:28]} 25. c5 {[%clk
0:00:50]} Rdc7 {[%clk 0:00:17]} 26. e5 {[%clk 0:00:41]} Bd8 {[%clk 0:00:16]} 27.
c6 {[%clk 0:00:32]} Rxc6 {[%clk 0:00:16]} 28. Qxc6 {[%clk 0:00:33]} Rxc6 {[%clk
0:00:15]} 29. Bxc6 {[%clk 0:00:33]} d5 {[%clk 0:00:16]} 30. Nxd5 {[%clk 0:00:24]}
Qxe5 {[%clk 0:00:14]} 31. Ne3 {[%clk 0:00:18]} Bf6 {[%clk 0:00:10]} 32. Rd7
{[%clk 0:00:17]} Qh5 {[%clk 0:00:05]} 33. Nf4 {[%clk 0:00:17]} Qe5 {[%clk
0:00:04]} 34. Bxb7 {[%clk 0:00:17]} Bxb7 {[%clk 0:00:05]} 35. Rxb7 {[%clk
0:00:17]} a4 {[%clk 0:00:05]} 36. Rbd7 {[%clk 0:00:16]} Qb2 {[%clk 0:00:07]} 37.
R7d3 {[%clk 0:00:17]} Bc3 {[%clk 0:00:08]} 38. Nc4 {[%clk 0:00:18]} Qc2 {[%clk
0:00:08]} 39. Ne3 {[%clk 0:00:18]} Qb2 {[%clk 0:00:08]} 40. Nc4 {[%clk 0:00:20]}
Qc2 {[%clk 0:00:11]} 41. Nb6 {[%clk 0:00:21]} Be5 {[%clk 0:00:10]} 42. Ng2 {[%clk
0:00:21]} Bb2 {[%clk 0:00:10]} 43. Ne3 {[%clk 0:00:22]} Qc6 {[%clk 0:00:11]} 44.
Nbc4 {[%clk 0:00:23]} Bf6 {[%clk 0:00:11]} 45. Rb1 {[%clk 0:00:24]} Qe4 {[%clk
0:00:11]} 46. Rdd1 {[%clk 0:00:24]} Qf3 {[%clk 0:00:09]} 47. b5 {[%clk 0:00:25]}
g5 {[%clk 0:00:07]} 48. hxg5 {[%clk 0:00:26]} Bxg5 {[%clk 0:00:09]} 49. b6 {[%clk
0:00:26]} Qb7 {[%clk 0:00:08]} 50. Na5 {[%clk 0:00:26]} Qf3 {[%clk 0:00:08]} 51.
b7 {[%clk 0:00:27]} Bxe3 {[%clk 0:00:10]} 52. b8Q+ {[%clk 0:00:27]} Kh7 {[%clk
0:00:11]} 53. Rf1 {[%clk 0:00:26]} Bd4 {[%clk 0:00:07]} 54. Qf4 {[%clk 0:00:25]}
Qd3 {[%clk 0:00:06]} 55. Qxf7+ {[%clk 0:00:26]} Kh8 {[%clk 0:00:07]} 56. Rb8#
{[%clk 0:00:26]} 1-0

[Event "Campeonato de España Blitz 2017"]
[Site "Linares"]
[Date "2017.08.12"]
[Round "5"]
[White "Ljubojevic, Ljubomir"]
[Black "Torrado Quintela, Julio"]
[Result "0-1"]
[Board "12"]
[WhiteTitle "GM"]
[WhiteElo "2540"]
[WhiteCountry "SRB"]
[WhiteFideId "900010"]
[WhiteEloChange "-8"]
[BlackElo "2274"]
[BlackCountry "ESP"]
[BlackFideId "2218496"]
[BlackEloChange "16"]

1. c4 {[%clk 0:03:03]} e5 {[%clk 0:03:02]} 2. Nc3 {[%clk 0:03:03]} Nc6 {[%clk
0:03:02]} 3. g3 {[%clk 0:03:04]} f5 {[%clk 0:03:03]} 4. Bg2 {[%clk 0:03:04]} Nf6
{[%clk 0:03:04]} 5. d3 {[%clk 0:03:03]} Bc5 {[%clk 0:03:04]} 6. e3 {[%clk
0:03:04]} d6 {[%clk 0:03:05]} 7. Nge2 {[%clk 0:03:04]} O-O {[%clk 0:03:05]} 8.
O-O {[%clk 0:03:03]} Qe8 {[%clk 0:03:04]} 9. a3 {[%clk 0:02:56]} a5 {[%clk
0:03:04]} 10. Rb1 {[%clk 0:02:57]} f4 {[%clk 0:02:58]} 11. d4 {[%clk 0:02:43]}
Ba7 {[%clk 0:02:46]} 12. d5 {[%clk 0:02:35]} Ne7 {[%clk 0:02:41]} 13. gxf4 {[%clk
0:02:19]} Qh5 {[%clk 0:02:26]} 14. Ng3 {[%clk 0:02:05]} Qh4 {[%clk 0:02:16]} 15.
fxe5 {[%clk 0:01:56]} Ng4 {[%clk 0:02:16]} 16. h3 {[%clk 0:01:56]} Nxe5 {[%clk
0:02:16]} 17. Qh5 {[%clk 0:01:46]} Qxh5 {[%clk 0:01:53]} 18. Nxh5 {[%clk
0:01:47]} Nxc4 {[%clk 0:01:52]} 19. Nb5 {[%clk 0:01:28]} Bb6 {[%clk 0:01:50]} 20.
b3 {[%clk 0:01:28]} Ne5 {[%clk 0:01:45]} 21. Bb2 {[%clk 0:01:19]} N7g6 {[%clk
0:01:36]} 22. Nd4 {[%clk 0:01:04]} Bxd4 {[%clk 0:01:30]} 23. Bxd4 {[%clk
0:01:04]} Nf3+ {[%clk 0:01:31]} 24. Bxf3 {[%clk 0:00:53]} Rxf3 {[%clk 0:01:32]}
25. Nxg7 {[%clk 0:00:51]} Bxh3 {[%clk 0:01:24]} 26. Rfc1 {[%clk 0:00:42]} Raf8
{[%clk 0:01:20]} 27. Rxc7 {[%clk 0:00:38]} Rxf2 {[%clk 0:01:16]} 28. Rb2 {[%clk
0:00:40]} Rxb2 {[%clk 0:00:23]} 29. Bxb2 {[%clk 0:00:41]} Rf7 {[%clk 0:00:19]}
30. Rc1 {[%clk 0:00:28]} Nh4 {[%clk 0:00:15]} 31. Nh5 {[%clk 0:00:23]} Rf3 {[%clk
0:00:13]} 32. Bf6 {[%clk 0:00:10]} Ng6 {[%clk 0:00:10]} 33. Bd4 {[%clk 0:00:10]}
Bg4 {[%clk 0:00:10]} 34. Nf6+ {[%clk 0:00:03]} Kf7 {[%clk 0:00:10]} 35. Nxg4
{[%clk 0:00:03]} Rg3+ {[%clk 0:00:12]} 36. Kf2 {[%clk 0:00:04]} Rxg4 {[%clk
0:00:13]} 37. Rc7+ {[%clk 0:00:06]} Ne7 {[%clk 0:00:14]} 38. Rxb7 {[%clk
0:00:05]} h5 {[%clk 0:00:15]} 39. Kf3 {[%clk 0:00:05]} 0-1

[Event "Campeonato de España Blitz 2017"]
[Site "Linares"]
[Date "2017.08.12"]
[Round "6"]
[White "Santos Latasa, Jaime"]
[Black "Alonso Rosell, Alvar"]
[Result "1-0"]
[Board "1"]
[WhiteTitle "IM"]
[WhiteElo "2478"]
[WhiteCountry "ESP"]
[WhiteFideId "2293307"]
[WhiteEloChange "6"]
[BlackTitle "GM"]
[BlackElo "2575"]
[BlackCountry "ESP"]
[BlackFideId "2270544"]
[BlackEloChange "-6"]

1. Nf3 {[%clk 0:03:03]} d5 {[%clk 0:03:03]} 2. g3 {[%clk 0:03:04]} Nf6 {[%clk
0:03:03]} 3. Bg2 {[%clk 0:03:05]} e6 {[%clk 0:03:04]} 4. O-O {[%clk 0:03:05]} Be7
{[%clk 0:03:05]} 5. b3 {[%clk 0:03:05]} O-O {[%clk 0:03:04]} 6. c4 {[%clk
0:03:05]} d4 {[%clk 0:03:03]} 7. e3 {[%clk 0:03:03]} c5 {[%clk 0:02:55]} 8. exd4
{[%clk 0:02:57]} cxd4 {[%clk 0:02:56]} 9. Bb2 {[%clk 0:02:57]} Nc6 {[%clk
0:02:56]} 10. Re1 {[%clk 0:02:58]} Bd6 {[%clk 0:02:26]} 11. Nxd4 {[%clk 0:02:14]}
Nxd4 {[%clk 0:02:27]} 12. Bxd4 {[%clk 0:02:15]} Bxg3 {[%clk 0:02:25]} 13. hxg3
{[%clk 0:02:16]} Qxd4 {[%clk 0:02:25]} 14. Nc3 {[%clk 0:02:17]} Rd8 {[%clk
0:02:23]} 15. Qf3 {[%clk 0:01:51]} e5 {[%clk 0:02:16]} 16. Nb5 {[%clk 0:01:48]}
Qc5 {[%clk 0:02:14]} 17. Qe3 {[%clk 0:01:44]} Qxe3 {[%clk 0:01:47]} 18. dxe3
{[%clk 0:01:46]} e4 {[%clk 0:01:33]} 19. Nc3 {[%clk 0:01:41]} Bf5 {[%clk
0:01:17]} 20. Red1 {[%clk 0:01:42]} Kf8 {[%clk 0:01:12]} 21. Rd4 {[%clk 0:01:35]}
Rxd4 {[%clk 0:00:47]} 22. exd4 {[%clk 0:01:25]} Re8 {[%clk 0:00:46]} 23. Re1
{[%clk 0:01:25]} h5 {[%clk 0:00:44]} 24. d5 {[%clk 0:01:27]} g5 {[%clk 0:00:44]}
25. Nb5 {[%clk 0:01:28]} Rd8 {[%clk 0:00:33]} 26. Nxa7 {[%clk 0:00:57]} Ra8
{[%clk 0:00:34]} 27. Nb5 {[%clk 0:00:58]} Rxa2 {[%clk 0:00:35]} 28. Nd6 {[%clk
0:00:58]} e3 {[%clk 0:00:07]} 29. fxe3 {[%clk 0:00:54]} Bc2 {[%clk 0:00:08]} 30.
Rf1 {[%clk 0:00:46]} Ng4 {[%clk 0:00:04]} 31. Rxf7+ {[%clk 0:00:20]} Kg8 {[%clk
0:00:05]} 32. Bh3 {[%clk 0:00:23]} Bxb3 33. Bxg4 {[%clk 0:00:22]} hxg4 {[%clk
0:00:06]} 34. Rxb7 {[%clk 0:00:23]} Ra1+ {[%clk 0:00:04]} 35. Kf2 {[%clk
0:00:23]} Ra2+ {[%clk 0:00:05]} 36. Ke1 {[%clk 0:00:24]} Bc2 {[%clk 0:00:04]} 37.
c5 {[%clk 0:00:18]} Bd3 {[%clk 0:00:04]} 38. c6 {[%clk 0:00:18]} Ba6 {[%clk
0:00:04]} 39. Ra7 {[%clk 0:00:23]} Ra1+ {[%clk 0:00:05]} 40. Kd2 {[%clk 0:00:24]}
Ra5 {[%clk 0:00:05]} 41. e4 {[%clk 0:00:24]} Ra3 {[%clk 0:00:00]} 42. c7 {[%clk
0:00:24]} Rd3+ {[%clk 0:00:00]} 43. Kc2 {[%clk 0:00:24]} Rxg3 {[%clk 0:00:06]}
44. Rxa6 {[%clk 0:00:25]} 1-0

[Event "Campeonato de España Blitz 2017"]
[Site "Linares"]
[Date "2017.08.12"]
[Round "6"]
[White "Bruzon Batista, Lazaro"]
[Black "Forcen Esteban, Daniel"]
[Result "1/2-1/2"]
[Board "2"]
[WhiteTitle "GM"]
[WhiteElo "2662"]
[WhiteCountry "CUB"]
[WhiteFideId "3503739"]
[WhiteEloChange "-2"]
[BlackTitle "GM"]
[BlackElo "2515"]
[BlackCountry "ESP"]
[BlackFideId "2288230"]
[BlackEloChange "2"]

1. d4 {[%clk 0:03:02]} Nf6 {[%clk 0:03:03]} 2. c4 {[%clk 0:03:03]} c5 {[%clk
0:03:03]} 3. d5 {[%clk 0:03:03]} e6 {[%clk 0:03:04]} 4. Nc3 {[%clk 0:03:03]} exd5
{[%clk 0:03:05]} 5. cxd5 {[%clk 0:03:04]} d6 {[%clk 0:03:06]} 6. Nf3 {[%clk
0:03:03]} g6 {[%clk 0:03:07]} 7. Nd2 {[%clk 0:03:03]} Nbd7 {[%clk 0:03:08]} 8. e4
{[%clk 0:03:02]} Bg7 {[%clk 0:03:08]} 9. Be2 {[%clk 0:03:03]} O-O {[%clk
0:03:09]} 10. O-O {[%clk 0:03:04]} Re8 {[%clk 0:03:09]} 11. Kh1 {[%clk 0:03:04]}
Ne5 {[%clk 0:02:54]} 12. a4 {[%clk 0:02:59]} g5 {[%clk 0:02:49]} 13. Qc2 {[%clk
0:02:55]} Bg4 {[%clk 0:02:35]} 14. Bb5 {[%clk 0:02:43]} Bd7 {[%clk 0:02:32]} 15.
Nd1 {[%clk 0:02:36]} Bxb5 {[%clk 0:02:11]} 16. axb5 {[%clk 0:02:37]} Qd7 {[%clk
0:02:12]} 17. Ne3 {[%clk 0:02:10]} Qxb5 {[%clk 0:02:12]} 18. Ra3 {[%clk 0:02:11]}
c4 {[%clk 0:01:47]} 19. Nf5 {[%clk 0:02:02]} Qc5 {[%clk 0:01:40]} 20. Rg3 {[%clk
0:01:54]} g4 {[%clk 0:01:38]} 21. f3 {[%clk 0:01:07]} h5 {[%clk 0:01:24]} 22.
fxg4 {[%clk 0:01:06]} hxg4 {[%clk 0:01:25]} 23. h3 {[%clk 0:00:57]} b5 {[%clk
0:01:16]} 24. hxg4 {[%clk 0:00:52]} Nd3 {[%clk 0:01:18]} 25. Nxg7 {[%clk
0:00:35]} Kxg7 {[%clk 0:00:59]} 26. Qc3 {[%clk 0:00:20]} Rh8+ {[%clk 0:00:44]}
27. Rh3 {[%clk 0:00:11]} Nf2+ {[%clk 0:00:45]} 28. Rxf2 {[%clk 0:00:12]} Qxf2
{[%clk 0:00:45]} 29. g5 {[%clk 0:00:12]} Rxh3+ {[%clk 0:00:26]} 30. gxh3 {[%clk
0:00:13]} Rh8 {[%clk 0:00:20]} 31. Qxf6+ {[%clk 0:00:12]} Qxf6 {[%clk 0:00:21]}
32. gxf6+ {[%clk 0:00:13]} Kxf6 {[%clk 0:00:22]} 33. Nf3 {[%clk 0:00:11]} Rxh3+
{[%clk 0:00:21]} 34. Kg2 {[%clk 0:00:13]} Rh5 {[%clk 0:00:16]} 35. Bd2 {[%clk
0:00:14]} Ke7 {[%clk 0:00:13]} 36. Bb4 {[%clk 0:00:15]} Kd7 {[%clk 0:00:14]} 37.
Nd4 {[%clk 0:00:16]} a6 {[%clk 0:00:12]} 38. Nf5 {[%clk 0:00:17]} Rg5+ {[%clk
0:00:14]} 39. Kf3 {[%clk 0:00:18]} Rg6 {[%clk 0:00:14]} 40. Nd4 {[%clk 0:00:15]}
Rf6+ {[%clk 0:00:14]} 41. Ke3 {[%clk 0:00:16]} Rh6 {[%clk 0:00:15]} 42. Nf5
{[%clk 0:00:11]} Rh3+ {[%clk 0:00:14]} 43. Kd2 {[%clk 0:00:14]} Rb3 {[%clk
0:00:15]} 44. Bc3 {[%clk 0:00:13]} b4 {[%clk 0:00:16]} 45. Bf6 {[%clk 0:00:07]}
Rd3+ {[%clk 0:00:13]} 46. Kc2 {[%clk 0:00:12]} a5 {[%clk 0:00:14]} 47. Be7 {[%clk
0:00:05]} b3+ {[%clk 0:00:10]} 48. Kc1 {[%clk 0:00:06]} Rf3 {[%clk 0:00:11]} 49.
Bf6 {[%clk 0:00:07]} Rf4 {[%clk 0:00:09]} 50. Bc3 {[%clk 0:00:05]} Rxe4 {[%clk
0:00:06]} 51. Bxa5 {[%clk 0:00:06]} Re5 {[%clk 0:00:08]} 52. Nd4 {[%clk 0:00:05]}
Rxd5 {[%clk 0:00:05]} 53. Bc3 {[%clk 0:00:06]} f5 {[%clk 0:00:10]} 54. Ne2 {[%clk
0:00:07]} Rd3 {[%clk 0:00:11]} 55. Nf4 {[%clk 0:00:08]} Rf3 {[%clk 0:00:13]} 56.
Nd5 {[%clk 0:00:09]} Ke6 {[%clk 0:00:13]} 57. Nb4 {[%clk 0:00:08]} d5 {[%clk
0:00:15]} 58. Nc6 {[%clk 0:00:09]} Rf1+ {[%clk 0:00:10]} 59. Kd2 {[%clk 0:00:10]}
Kd6 {[%clk 0:00:09]} 60. Nd4 {[%clk 0:00:11]} f4 {[%clk 0:00:10]} 61. Ke2 {[%clk
0:00:11]} Rc1 {[%clk 0:00:09]} 62. Bd2 {[%clk 0:00:12]} Rb1 {[%clk 0:00:10]} 63.
Bc3 {[%clk 0:00:07]} Kc5 {[%clk 0:00:07]} 64. Ne6+ {[%clk 0:00:08]} Kc6 {[%clk
0:00:05]} 65. Nd4+ {[%clk 0:00:08]} Kd6 {[%clk 0:00:08]} 66. Kf3 {[%clk 0:00:07]}
Rf1+ {[%clk 0:00:08]} 67. Ke2 {[%clk 0:00:08]} Rc1 {[%clk 0:00:08]} 68. Bd2
{[%clk 0:00:09]} Rb1 {[%clk 0:00:09]} 69. Bc3 {[%clk 0:00:10]} Rh1 {[%clk
0:00:06]} 70. Kf3 {[%clk 0:00:08]} Rh3+ {[%clk 0:00:07]} 71. Kxf4 {[%clk
0:00:11]} Rxc3 {[%clk 0:00:06]} 72. Nb5+ {[%clk 0:00:12]} Kc5 {[%clk 0:00:07]}
73. Nxc3 {[%clk 0:00:13]} d4 {[%clk 0:00:09]} 74. Nd1 {[%clk 0:00:09]} Kb4 {[%clk
0:00:07]} 75. Ke4 {[%clk 0:00:06]} c3 {[%clk 0:00:07]} 76. Kxd4 {[%clk 0:00:05]}
c2 {[%clk 0:00:10]} 77. Nf2 {[%clk 0:00:06]} c1N {[%clk 0:00:04]} 78. Nd3+ {[%clk
0:00:06]} Nxd3 {[%clk 0:00:05]} 79. Kxd3 {[%clk 0:00:07]} Kb5 {[%clk 0:00:04]}
80. Kc3 {[%clk 0:00:08]} Ka4 {[%clk 0:00:05]} 81. Kc4 {[%clk 0:00:08]} Ka5 {[%clk
0:00:05]} 82. Kxb3 {[%clk 0:00:08]} Kb5 {[%clk 0:00:03]} 83. Kc3 {[%clk 0:00:08]}
Kc5 {[%clk 0:00:03]} 84. b4+ {[%clk 0:00:08]} Kb5 {[%clk 0:00:01]} 85. Kb3 {[%clk
0:00:11]} Kb6 {[%clk 0:00:14]} 1/2-1/2

[Event "Campeonato de España Blitz 2017"]
[Site "Linares"]
[Date "2017.08.12"]
[Round "6"]
[White "Vazquez Igarza, Renier"]
[Black "Anton Guijarro, David"]
[Result "0-1"]
[Board "3"]
[WhiteTitle "GM"]
[WhiteElo "2577"]
[WhiteCountry "ESP"]
[WhiteFideId "3503054"]
[WhiteEloChange "-4"]
[BlackTitle "GM"]
[BlackElo "2620"]
[BlackCountry "ESP"]
[BlackFideId "2285525"]
[BlackEloChange "4"]

1. d4 {[%clk 0:03:03]} Nf6 {[%clk 0:03:03]} 2. c4 {[%clk 0:03:04]} e6 {[%clk
0:03:03]} 3. Nf3 {[%clk 0:03:05]} b6 {[%clk 0:03:04]} 4. g3 {[%clk 0:03:05]} Bb7
{[%clk 0:03:05]} 5. Bg2 {[%clk 0:03:06]} Be7 {[%clk 0:03:06]} 6. Nc3 {[%clk
0:03:06]} O-O {[%clk 0:03:05]} 7. O-O {[%clk 0:03:06]} Ne4 {[%clk 0:03:06]} 8.
Bd2 {[%clk 0:03:06]} d6 {[%clk 0:03:05]} 9. Qc2 {[%clk 0:02:58]} Nxd2 {[%clk
0:03:04]} 10. Qxd2 {[%clk 0:02:59]} Nd7 {[%clk 0:03:01]} 11. e4 {[%clk 0:02:54]}
Bf6 {[%clk 0:02:56]} 12. Rad1 {[%clk 0:02:48]} g6 {[%clk 0:02:55]} 13. Rfe1
{[%clk 0:02:48]} Bg7 {[%clk 0:02:54]} 14. Qe3 {[%clk 0:02:03]} Qe7 {[%clk
0:02:44]} 15. b4 {[%clk 0:01:50]} a6 {[%clk 0:02:27]} 16. a3 {[%clk 0:01:51]}
Rfe8 {[%clk 0:02:18]} 17. h4 {[%clk 0:01:39]} Rad8 {[%clk 0:02:15]} 18. h5 {[%clk
0:01:28]} gxh5 {[%clk 0:01:54]} 19. Qf4 {[%clk 0:01:16]} Qf6 {[%clk 0:01:49]} 20.
Qe3 {[%clk 0:01:11]} Qh6 {[%clk 0:01:48]} 21. Qxh6 {[%clk 0:00:53]} Bxh6 {[%clk
0:01:48]} 22. Nh4 {[%clk 0:00:53]} Bg5 {[%clk 0:01:31]} 23. Nf3 {[%clk 0:00:53]}
Bf6 {[%clk 0:01:28]} 24. Rc1 {[%clk 0:00:23]} Nf8 {[%clk 0:01:23]} 25. e5 {[%clk
0:00:13]} dxe5 {[%clk 0:01:21]} 26. dxe5 {[%clk 0:00:15]} Bg7 {[%clk 0:01:13]}
27. Ne4 {[%clk 0:00:11]} Rd3 {[%clk 0:00:57]} 28. Neg5 {[%clk 0:00:03]} h6 {[%clk
0:00:50]} 29. Ne4 {[%clk 0:00:04]} Ng6 {[%clk 0:00:45]} 30. c5 {[%clk 0:00:05]}
Bd5 {[%clk 0:00:46]} 31. cxb6 {[%clk 0:00:06]} cxb6 {[%clk 0:00:47]} 32. Nd6
{[%clk 0:00:06]} 0-1